000
00379nam a2200133Ia 4500
008
100328s9999 xx 000 0 und d
082
_b
32161
100
_a
अत्रे प्र. के.
245
_a
सुभाष कथा
260
_b
ग.पां.परचुरे
630
_a
सुभाष कथा
730
_a
सुभाष कथा
942
_c
BOOK
999
_c
522963
_d
522960